| 000 | 00460nam a2200205Ia 4500 | ||
|---|---|---|---|
| 008 | 210210b1954 xxu||||| |||| 00| 0 eng d | ||
| 041 | _aeng | ||
| 082 | _a539/47 | ||
| 100 | _aHARRIS (I) | ||
| 245 | _aMans place in the universe:the third testament | ||
| 260 |
_aLondon _b- _c1954 |
||
| 300 | _a87 | ||
| 650 | _auniverse:the | ||
| 650 | _athird | ||
| 650 | _atestament | ||
| 650 | _aplace | ||
| 650 | _aMans | ||
| 690 | _aPhysics | ||
| 906 | _a009063 | ||
| 999 |
_c127812 _d127812 |
||